Places Santa Visited in the NORAD Santa Tracker - Statistics

General Stats
  • This quiz has been taken 34 times
  • The average score is 77 of 531
Answers on the Map
Answers color-coded by a green-red scale on the quiz's map according to % correct below.
 
Answer Stats
Answer % Correct
City London
74%
City Dublin
63%
City Madrid
63%
City Berlin
58%
City Edinburgh
58%
City New York City
58%
City Paris
58%
City Rome
58%
City Athens
53%
City Belfast
53%
City Moscow
53%
City Barcelona
47%
City Copenhagen
47%
City Cork
47%
City Lisbon
47%
City Mexico City
47%
City Rio de Janeiro
47%
City San Francisco
47%
City Sydney
47%
City Tokyo
47%
City Ankara
42%
City Cairo
42%
City Cardiff
42%
City Istanbul
42%
City Kiev
42%
City Las Vegas
42%
City New Delhi
42%
City Orlando
42%
City Porto
42%
City Prague
42%
City Seoul
42%
City Shanghai
42%
City Toronto
42%
City Tunis
42%
City Van
42%
City Warsaw
42%
City Washington
42%
City Zurich
42%
City Amsterdam
37%
City Auckland
37%
City Beijing
37%
City Belgrade
37%
City Cape Town
37%
City Chicago
37%
City Dubai
37%
City Houston
37%
City Monaco
37%
City Mumbai
37%
City New Orleans
37%
City São Paulo
37%
City Seattle
37%
City St. Petersburg
37%
City Venice
37%
City Vienna
37%
City Bergen
32%
City Brasilia
32%
City Brussels
32%
City Bucharest
32%
City Budapest
32%
City Canberra
32%
City Caracas
32%
City Christchurch
32%
City Dallas
32%
City Darwin
32%
City Edmonton
32%
City Gdansk
32%
City Helsinki
32%
City Hong Kong
32%
City Honolulu
32%
City Juneau
32%
City Kingston
32%
City Kingstown
32%
City Krakow
32%
City Marseille
32%
City Melbourne
32%
City Montreal
32%
City Ottawa
32%
City Philadelphia
32%
City Portland
32%
City Quebec City
32%
City Reykjavik
32%
City Riga
32%
City Riyadh
32%
City Sanaa
32%
City San Diego
32%
City Stockholm
32%
City Tirana
32%
City Vancouver
32%
City Alexandria
26%
City Anchorage
26%
City Andorra la Vella
26%
City Baghdad
26%
City Bogota
26%
City Bratislava
26%
City Calgary
26%
City Casablanca
26%
City Cleveland
26%
City Colorado Springs
26%
City Columbus
26%
City Doha
26%
City Fairbanks
26%
City Geneva
26%
City Hilo
26%
City Kolkata
26%
City Kyoto
26%
City La Paz
26%
City Moab
26%
City Munich
26%
City Nagasaki
26%
City Perth
26%
City Port-au-Prince
26%
City Quito
26%
City San Marino
26%
City Santiago
26%
City Santiago de Cuba
26%
City Sapporo
26%
City Singapore
26%
City Southampton
26%
City St. Louis
26%
City Taipei
26%
City Tel Aviv
26%
City Tripoli
26%
City Valletta
26%
City Victoria
26%
City Abu Dhabi
21%
City Adelaide
21%
City Amman
21%
City Augusta
21%
City Bangkok
21%
City Belize City
21%
City Bilbao
21%
City Brisbane
21%
City Charleston
21%
City Chisinau
21%
City Dubrovnik
21%
City Georgetown
21%
City Guangzhou
21%
City Guatemala
21%
City Havana
21%
City Hiroshima
21%
City Hobart
21%
City Indianapolis
21%
City Islamabad
21%
City Izmir
21%
City Johannesburg
21%
City Kuala Lumpur
21%
City Mecca
21%
City Montevideo
21%
City Nassau
21%
City Nicosia
21%
City Odessa
21%
City Palma
21%
City Ponta Delgada
21%
City Pristina
21%
City San Juan
21%
City Santa Fe
21%
City Santo Domingo
21%
City Sarajevo
21%
City Savannah
21%
City St. John's
21%
City Tehran
21%
City Tucson
21%
City Ulaanbaatar
21%
City Vilnius
21%
City Yakutsk
21%
City Addis Ababa
16%
City Ajaccio
16%
City Antananarivo
16%
City Ashgabat
16%
City Asuncion
16%
City Baku
16%
City Basel
16%
City Bengaluru
16%
City Bethlehem
16%
City Billings
16%
City Bishkek
16%
City Cancun
16%
City Chengdu
16%
City Chongqing
16%
City Colombo
16%
City Cordoba
16%
City Des Moines
16%
City Dhaka
16%
City Dushanbe
16%
City Flagstaff
16%
City Freetown
16%
City Haikou
16%
City Hamilton
16%
City Hanoi
16%
City Jackson
16%
City Jakarta
16%
City Jeju
16%
City Karachi
16%
City Kathmandu
16%
City Kuwait City
16%
City Lahore
16%
City Lexington
16%
City Lhasa
16%
City Lome
16%
City Luxembourg
16%
City Malabo
16%
City Managua
16%
City Manila
16%
City Muscat
16%
City Nairobi
16%
City Nome
16%
City Panama City
16%
City Paramaribo
16%
City Phnom Penh
16%
City Podgorica
16%
City Santa Cruz
16%
City São Tomé
16%
City Stanley
16%
City Tbilisi
16%
City Thimphu
16%
City Trondheim
16%
City Vientiane
16%
City Volgograd
16%
City Windhoek
16%
City Yangon
16%
City Yaounde
16%
City Yerevan
16%
City Abuja
11%
City Albany
11%
City Alice Springs
11%
City Anaheim
11%
City Antalya
11%
City Asmara
11%
City Bamako
11%
City Bangui
11%
City Banjul
11%
City Basra
11%
City Bissau
11%
City Boise
11%
City Bouake
11%
City Bujumbura
11%
City Cayenne
11%
City Changsha
11%
City Chihuahua
11%
City Da Nang
11%
City Dili
11%
City Djibouti
11%
City Durham
11%
City Gaborone
11%
City Halifax
11%
City Harbin
11%
City Juba
11%
City Kampala
11%
City Key West
11%
City Khartoum
11%
City Kigali
11%
City Kinshasa
11%
City Kumasi
11%
City Kunming
11%
City Lilongwe
11%
City Lorino
11%
City Luanda
11%
City Lusaka
11%
City Luxor
11%
City Manama
11%
City Manaus
11%
City Maputo
11%
City Maseru
11%
City Mogadishu
11%
City Monrovia
11%
City Nagoya
11%
City Nantucket
11%
City Novosibirsk
11%
City Nur-Sultan
11%
City Nuuk
11%
City Ogden
11%
City Petropavlovsk-Kamchatsky
11%
City Plovdiv
11%
City Port Louis
11%
City Port-Louis
11%
City Port Moresby
11%
City Punta Arenas
11%
City St. George's
11%
City Suva
11%
City Tangier
11%
City Tegucigalpa
11%
City Tulsa
11%
City Vaduz
11%
City Winnipeg
11%
City Zanzibar
11%
City Acapulco
5%
City Agadez
5%
City Ahmedabad
5%
City Alta
5%
City Amarillo
5%
Region Amazon Rainforest
5%
City Annapolis
5%
City Arsenyev
5%
City Atlantic City
5%
City Auki
5%
City Bend
5%
City Birobidzhan
5%
City Brescia
5%
City Bridgetown
5%
City Bulawayo
5%
City Cabo San Lucas
5%
City Carlisle
5%
City Castries
5%
City Charlottetown
5%
City Chattanooga
5%
City Chelyabinsk
5%
City Chiang Mai
5%
City Coeur d'Alene
5%
City Comodoro Rivadavia
5%
City Cotonou
5%
City Cusco
5%
City Davao City
5%
City Ensenada
5%
City Erie
5%
City Estes Park
5%
City Everett
5%
City Fidenza
5%
City Fonni
5%
City Fort Lauderdale
5%
City Freising
5%
City Fresno
5%
City Funafuti
5%
Natural Park Galapagos National Park
5%
City Gangtok
5%
City Ganja
5%
City Gilgit
5%
Landmark Great Wall of China
5%
City Guadalajara
5%
City Hallstatt
5%
City Hat Yai
5%
City Honiara
5%
City Huntsville
5%
City Kaiserslautern
5%
City Kanazawa
5%
City Karsakpay
5%
City Khorramabad
5%
City King Edward Point
5%
City Kodiak
5%
City Komsomolsk-on-Amur
5%
City Kula
5%
City Kurilsk
5%
City Lake Charles
5%
City Las Cruces
5%
City Limoges
5%
City Magadan
5%
City Maribor
5%
City McMurdo Station
5%
City Metz
5%
City Mikkeli
5%
City Mindelo
5%
City Missoula
5%
City Monterrey
5%
City Mudanjiang
5%
City Mussoorie
5%
City Naha
5%
City Natal
5%
City Nevelsk
5%
City Niagara Falls
5%
City Nogliki
5%
City Norilsk
5%
City Nouakchott
5%
City Oranjestad
5%
City Padang
5%
City Palana
5%
City Palmer Station
5%
City Pechora
5%
City Pensacola
5%
City Philipsburg
5%
Island(s) Phi Phi Islands
5%
City Pohang
5%
City Port-Gentil
5%
City Portsmouth
5%
City Provideniya
5%
City Qingdao
5%
City Queenstown
5%
City Rapid City
5%
City Rio Gallegos
5%
City Roermond
5%
City Roseau
5%
City Saint-Denis
5%
City Salvador
5%
City Samarkand
5%
City San Carlos de Bariloche
5%
Island(s) Santorini
5%
City Shenyang
5%
City Shimonoseki
5%
City Shreveport
5%
City Socotra
5%
City Sorong
5%
City State College
5%
City Tartu
5%
City Tongatapu
5%
City Torshavn
5%
City Touba
5%
City Trudovoye
5%
City Vanadzor
5%
City Veles
5%
City Vleteren
5%
City Wichita
5%
City Willemstad
5%
City Wolfsburg
5%
City Xian
5%
City Yaren
5%
City Yekaterinburg
5%
City Yellowknife
5%
City Zahle
5%
City Zhangye
5%
City Addu City
0%
City Agadir
0%
City Ain Salah
0%
City Alert
0%
City Alexander City
0%
City Amherst
0%
City Ati
0%
Island(s) Babeldaob
0%
City Bandar Seri Begawan
0%
City Basseterre
0%
City Beira
0%
City Bintulu
0%
City Bobo-Dioulasso
0%
City Brooklyn Center
0%
City Broome
0%
City Brunswick
0%
City Cedar Rapids
0%
Island(s) Chatham Island
0%
City Ciudad Frontera
0%
City Clyde River
0%
City Cold Lake
0%
City Comox
0%
City Cooktown
0%
City Cranbrook
0%
City Dakhla
0%
City Daru
0%
City Deer Lake
0%
City Délı̨nę
0%
City Dire
0%
City Elko
0%
City Escondido
0%
City Eureka Springs
0%
City Fort McMurray
0%
City Fort St. John
0%
City Geraldton
0%
City Gisborne
0%
City Goldsboro
0%
City Goodland
0%
City Goodyear
0%
City Great Falls
0%
City Greensboro
0%
City Happy Valley-Goose Bay
0%
City Holyoke
0%
Island(s) Ikeq Island
0%
City Ipswich
0%
Island(s) Iwo Jima
0%
City Kalamazoo
0%
City Kamina
0%
City Kiffa
0%
City Kimbe
0%
City Kingsville
0%
City Kitimat
0%
City Labe
0%
City Lakewood
0%
City La Vista
0%
City Limon
0%
City Majuro
0%
City Marietta
0%
City Maryborough
0%
City Merritt
0%
City Midland
0%
Island(s) Midway Atoll
0%
City Milton
0%
City Minot
0%
City Moanda
0%
City Moncton
0%
City Moose Jaw
0%
City Munster
0%
City Myrtle Beach
0%
Island(s) Natuna Besar
0%
City New Glarus
0%
City Newman
0%
City Newport
0%
City Nolensville
0%
City Noumea
0%
City Overland Park
0%
City Palikir
0%
Island(s) Palmyra Atoll
0%
City Peawanuck
0%
City Pekanbaru
0%
City Peoria
0%
City Pine Bluffs
0%
City Port-aux-Francais
0%
City Post
0%
City Prince Albert
0%
City Princeville
0%
City Radisson
0%
City Roanoke
0%
City Rockhampton
0%
City Rockwell City
0%
City Sabha
0%
City Saguenay
0%
City Saint-Pierre
0%
City Sampit
0%
Natural Park Sand Lake Provincial Park
0%
City San Fernando
0%
City San Marcos
0%
City San Miguel
0%
City Santa Rita
0%
City San Vicente
0%
City Simsbury
0%
City Smara
0%
City St. Cloud
0%
City Taga
0%
City Tarawa
0%
City Tasiilaq
0%
City Terrenganu
0%
City The Settlement
0%
City Thunder Bay
0%
City Tillamook
0%
City Timmins
0%
Natural Park Tuktut Nogait National Park
0%
City Tupelo
0%
Island(s) Vanuatu
0%
Island(s) Verte Rocks
0%
Island(s) Wake Island
0%
City Watertown
0%
City Weaverville
0%
City Williamsburg
0%
No matching quizzes found
Score Distribution
Percent of People with Each Score
Percentile by Number Answered
Your Score History
You have not taken this quiz